00681cam a2200193 i 450000500170000002000180001704100080003508200160004310000260005924501460008526000520023130000270028350400670031065000260037765000230040365000160042665000280044270000170047020260519122917.0 a9781647826352 aENG00a306.36bDEN1 aDe Neve, Jan-Emmanuel10aWhy workplace wellbeing matters :bthe science behind employee happiness and organizational performance /cJan-Emmanuel De Neve, George Ward. aBoston :bHarvard Business Review Press ,c205. avi, 286 pages ;c26 cm aIncludes bibliographical references and (pages 240-271) index. 0aQuality of work life. 0aWork-life balance. 0aWell-being. 0aPsychology, Industrial.1 aWard, George